00000000nam##2200000za#4500
0019.590501
003CaOODSP
00520210624200145
007cr |||||||||||
008150406|1990||||xxc|||||o    f|0| 0 eng|d
040 |aCaOODSP|beng
041 |aeng
041 |afre
043 |an-cn---
0861 |aS52-2/202-PDF
1101 |aCanada. |bPublic Works and Government Services Canada. |bTranslation Bureau.
24510|aFrench nomenclature of North American Birds / |h[electronic resource]|c[by] Henri Ouellet, Michel Gosselin, Jean-Pierre Artigau.
260 |aOttawa - Ontario : |bPublic Works and Government Services Canada. |cc1990.
300 |a149p.|breferences
4901 |aTerminology bulletin|vNo. 202
500 |aDigitized edition from print. [Produced by Publishing and Depository Services, 2014.] Issued by Secretary of State, Translation Bureau, Terminological and Linguistic Services Branch.—Introd. Joint project of the Canadian Museum of Nature.
590 |a14-22-Supp|b2014-12-24
7201 |aOuellet, Henri
7201 |aGosselin, Michel
7201 |aArtigau, Jean-Pierre
7760#|tNomenclature française des oiseaux d'Amérique du Nord / |w(CaOODSP)9.518195
792 |tNomenclature française des oiseaux d'Amérique du Nord / |efre|w(CaOODSP)9.590502
830#0|aTerminology bulletin ;|vNo. 202|w(CaOODSP)9.500139
85640|ahttp://publications.gc.ca|qPDF|s1710 KB|uhttps://publications.gc.ca/collections/collection_2014/tpsgc-pwgsc/S52-2-202.pdf|yNo. 202